| 000 | 00844cam a2200241 i 4500 | ||
|---|---|---|---|
| 999 |
_c8675 _d8675 |
||
| 003 | OSt | ||
| 005 | 20201209162950.0 | ||
| 008 | 801030s1978 nyua b 000 0 eng | ||
| 010 | _a 80067079 | ||
| 020 | _a088318267X (pbk.) | ||
| 040 |
_aDLC _cDLC _dDLC |
||
| 050 | 0 | 0 |
_aNA2800 _b.K58 1978 |
| 082 | 0 | 0 |
_a690 _219 |
| 100 | 1 |
_aKnudsen, Vern Oliver, _d1893-1974. |
|
| 245 | 1 | 0 |
_aAcoustical designing in architecture / _cVern O. Knudsen, Cyril M. Harris. |
| 260 |
_a[New York] : _bPublished by the American Institute of Physics for the Acoustical Society of America, _cc1978. |
||
| 300 |
_avii, 408 p. : _bill. ; _c22 cm. |
||
| 504 | _aIncludes bibliographical references. | ||
| 650 | 0 | _aArchitectural acoustics. | |
| 700 | 1 |
_aHarris, Cyril M., _d1917-2011, _ejoint author. |
|
| 906 |
_a7 _bcbc _corignew _d2 _eopcn _f19 _gy-gencatlg |
||
| 942 | _2ddc | ||